000
00286nam a22001337a 4500
008
170511b xxu||||| |||| 00| 0 eng d
020
_a
9780538410827
041
_a
eng
080
_2
12TH
_a
34
100
_a
15
101
_a
SHJ
245
_a
BUSINESS LAW
_c
CLARKSON
942
_2
udc
_c
BK
999
_c
13146
_d
13146